[Event "I Festival Master"]
[Site "Lignano Sabbiadoro ITA"]
[Date "2015.08.07"]
[Round "8"]
[White "Nester, Ihor"]
[Black "Lazic, Miroljub"]
[WhiteElo "2254"]
[BlackElo "2466"]
[Result "1-0"]
[PlyCount "87"]
[EventDate "2015.08.01"]

1. Nf3 d5 2. d4 Nf6 3. c4 c6 4. e3 e6 5. b3 Bb4+ 6. Nbd2 Ne4 7. Bb2 Qf6 8. Bc1
c5 9. Bd3 cxd4 10. exd4 Nc6 11. O-O Nxd4 12. Nxe4 dxe4 13. Bxe4 Nxf3+ 14. Qxf3
Qxa1 15. Bc6+ Kf8 16. Bxb7 Rb8 17. Bxc8 Qf6 18. Qc6 Qd8 19. Bd7 Qb6 20. Qf3 Ke7
21. Ba4 Rhd8 22. Bb2 Kf8 23. Qg3 f6 24. a3 Bc5 25. b4 a5 26. bxc5 Qxb2 27. c6
Rbc8 28. Bb5 Qe2 29. h3 Qd3 30. Qg4 Qxa3 31. Qxe6 Qc5 32. Ra1 Rc7 33. Qe1 a4
34. Rxa4 Re7 35. Qc1 Kf7 36. Ra2 Rde8 37. Qf4 Re1+ 38. Kh2 R8e7 39. Qf3 R1e5
40. Rd2 Qb6 41. Rd7 Rxd7 42. cxd7 Ke7 43. Qa3+ Rc5 44. Qe3+ 1-0

[Event "I Festival Master"]
[Site "Lignano Sabbiadoro ITA"]
[Date "2015.08.07"]
[Round "8"]
[White "Simonetto, Adriano"]
[Black "Boscolo, Marco"]
[WhiteElo "2065"]
[BlackElo "2095"]
[Result "0-1"]
[PlyCount "98"]
[EventDate "2015.08.01"]

1. d4 c5 2. d5 Nf6 3. Nc3 g6 4. e4 d6 5. Bb5+ Nbd7 6. a4 Bg7 7. Nf3 O-O 8. O-O
a6 9. Be2 Rb8 10. h3 b5 11. axb5 axb5 12. Nxb5 Nxe4 13. c4 Nb6 14. Bd3 Nf6 15.
Qc2 Bd7 16. Nc3 Ra8 17. Bd2 Qc7 18. Rfe1 Rfe8 19. Ng5 Rxa1 20. Rxa1 Rb8 21.
Nce4 Nc8 22. Bc3 Nxe4 23. Bxe4 Qb7 24. Qe2 Bxc3 25. bxc3 h6 26. Nf3 Qc7 27. Nh4
Qd8 28. g4 Qf8 29. f4 Qg7 30. Qe3 Rb3 31. Rc1 Kf8 32. f5 g5 33. Nf3 Nb6 34. Nd2
Rb2 35. Rb1 Rxb1+ 36. Bxb1 Na4 37. Ne4 Qe5 38. Kg2 Nb6 39. Bd3 Kg7 40. Qf2 Nxc4
41. f6+ exf6 42. Ng3 Qxd5+ 43. Be4 Qd2 44. Nh5+ Kf8 45. Nxf6 Be6 46. Qxd2 Nxd2
47. Bd5 Nc4 48. Kf3 Nb6 49. Bxe6 fxe6 0-1

[Event "I Festival Master"]
[Site "Lignano Sabbiadoro ITA"]
[Date "2015.08.07"]
[Round "8"]
[White "Solinas, Carlo"]
[Black "Bodiroga, Predrag"]
[WhiteElo "1987"]
[BlackElo "2342"]
[Result "0-1"]
[PlyCount "130"]
[EventDate "2015.08.01"]

1. e4 c6 2. Nc3 d5 3. Qf3 dxe4 4. Nxe4 Nd7 5. d4 Ndf6 6. Bd3 Qxd4 7. Ne2 Qd8 8.
h3 Nxe4 9. Bxe4 Nf6 10. Bd3 Qd5 11. Qg3 Bf5 12. O-O Bxd3 13. cxd3 g6 14. Nc3
Qd7 15. Bg5 Bg7 16. Rfe1 O-O 17. Rad1 Rfe8 18. Qh4 Nd5 19. Nxd5 Qxd5 20. Bxe7
Qxa2 21. Bf6 Bxf6 22. Qxf6 Re6 23. Qd4 Qd5 24. Qxd5 cxd5 25. Rxe6 fxe6 26. Rc1
Rf8 27. Rc7 Rf7 28. Rc8+ Kg7 29. Kf1 Kf6 30. Ke2 Ke7 31. Ke3 Kd7 32. Rc1 Kd6
33. f4 Rc7 34. Ra1 a6 35. Kd2 Rf7 36. Ke3 Rc7 37. Kd2 Rc5 38. g3 Rb5 39. Kc2
Rc5+ 40. Kd2 Rc6 41. b3 Kc5 42. Ra4 Rb6 43. Kc3 d4+ 44. Kc2 Rc6 45. Kd2 b5 46.
b4+ Kd5 47. Ra1 e5 48. fxe5 Re6 49. Rf1 Kxe5 50. Rf7 h5 51. Ra7 Rd6 52. Re7+
Re6 53. Ra7 Rf6 54. Ke2 Kf5 55. Rd7 Re6+ 56. Kf2 Ke5 57. Ke2 g5 58. Rh7 Kf5+
59. Kd2 Re3 60. Rxh5 Rxg3 61. h4 Rg2+ 62. Kc1 Kg6 63. Rxg5+ Rxg5 64. hxg5 Kxg5
65. Kd1 Kf4 0-1

[Event "I Festival Master"]
[Site "Lignano Sabbiadoro ITA"]
[Date "2015.08.07"]
[Round "8"]
[White "Zamar Kodelja, Jurij"]
[Black "Muller, Etienne"]
[WhiteElo "1973"]
[BlackElo "2167"]
[Result "1/2-1/2"]
[PlyCount "50"]
[EventDate "2015.08.01"]

1. d4 Nf6 2. c4 g6 3. Nf3 Bg7 4. g3 O-O 5. Bg2 d6 6. Nc3 Nc6 7. O-O a6 8. Qd3
Bg4 9. d5 Bxf3 10. exf3 Nb4 11. Qe2 a5 12. Bg5 h6 13. Be3 Re8 14. Qd2 Kh7 15.
h3 e6 16. dxe6 fxe6 17. f4 Nc6 18. Rad1 Qd7 19. Ne4 Qf7 20. Qc2 Rad8 21. Nxf6+
Bxf6 22. Qb3 Rb8 23. Qb5 Red8 24. Rd2 Qg7 25. Rfd1 Qf7 1/2-1/2

[Event "I Festival Master"]
[Site "Lignano Sabbiadoro ITA"]
[Date "2015.08.08"]
[Round "9"]
[White "Bodiroga, Predrag"]
[Black "Micottis, Dorian"]
[WhiteElo "2342"]
[BlackElo "2228"]
[Result "1-0"]
[PlyCount "159"]
[EventDate "2015.08.01"]

1. d4 Nf6 2. c4 g6 3. Nc3 d5 4. e3 Bg7 5. Qb3 e6 6. Qa3 Nc6 7. Nf3 Ne7 8. Be2
O-O 9. O-O b6 10. Rd1 Bb7 11. Bd2 Nf5 12. Rac1 c6 13. b4 dxc4 14. e4 Ne7 15. e5
Nfd5 16. Bxc4 Nxc3 17. Bxc3 Nd5 18. Bd2 h6 19. Bd3 Qe7 20. Qb3 Rfc8 21. h4 a5
22. bxa5 bxa5 23. Rc5 a4 24. Qc2 Qc7 25. Qc1 h5 26. Bh6 Ba6 27. Bxg7 Kxg7 28.
Ng5 Qb7 29. Bb1 a3 30. Ne4 Qe7 31. g3 Bb5 32. Qd2 Rcb8 33. Nd6 Ba4 34. Rdc1 Rb2
35. Qd3 Bb3 36. Rxc6 Nb4 37. Qf3 Nxc6 38. axb3 Nxd4 39. Qxa8 Ne2+ 40. Kf1 Nxc1
41. Qxa3 Rxb1 42. Nf5+ exf5 43. Qxe7 Nxb3+ 44. Kg2 Re1 45. Qb4 Rxe5 46. Qxb3
Re6 47. Qb8 Re4 48. Qd8 Re6 49. Kf3 Re4 50. Qd5 Re6 51. Kf4 Re4+ 52. Kf3 Re6
53. Kg2 Re4 54. f3 Re2+ 55. Kf1 Re6 56. Qd8 Ra6 57. Qd4+ Kg8 58. Kf2 Re6 59.
Qd7 Kg7 60. Qd8 Ra6 61. Qd4+ Kg8 62. Ke3 Re6+ 63. Kf4 Kh7 64. Kg5 Ra6 65. Qc4
f6+ 66. Kf4 Ra7 67. Qd4 Rf7 68. Qd8 Kg7 69. Ke3 Ra7 70. Kd4 Rf7 71. Kd5 Rf8 72.
Qd6 Rg8 73. Qe7+ Kh6 74. Qxf6 Ra8 75. Qc6 Ra5+ 76. Ke6 Ra1 77. Kf7 Ra7+ 78. Kf6
Ra1 79. Qd6 Ra8 80. Qd2+ 1-0

[Event "I Festival Master"]
[Site "Lignano Sabbiadoro ITA"]
[Date "2015.08.08"]
[Round "9"]
[White "Boscolo, Marco"]
[Black "Franceschi, Riccardo"]
[WhiteElo "2095"]
[BlackElo "2054"]
[Result "1/2-1/2"]
[PlyCount "82"]
[EventDate "2015.08.01"]

1. d4 d5 2. c4 c6 3. Nc3 Nf6 4. e3 g6 5. Nf3 Bg7 6. Bd3 O-O 7. O-O Nbd7 8. cxd5
Nxd5 9. Nxd5 cxd5 10. Qb3 e6 11. Bd2 f5 12. Bb4 Rf7 13. Rac1 g5 14. Rc2 g4 15.
Nd2 Nf6 16. Rfc1 Bd7 17. Bd6 Ba4 18. Qxa4 Qxd6 19. g3 h5 20. Rc8+ Rf8 21. Rxa8
Rxa8 22. Qb5 Rb8 23. Qc5 Qxc5 24. Rxc5 Bf8 25. Rc2 Ne4 26. Bxe4 fxe4 27. Kf1
Bd6 28. Ke2 Kf7 29. Nb3 b6 30. Rc1 Rh8 31. a4 h4 32. Nd2 hxg3 33. hxg3 Ke7 34.
Nb1 Rh2 35. Rg1 Kd7 36. Nc3 Kc6 37. Nb5 Bb8 38. Nc3 a6 39. Rc1 Kb7 40. Rg1 Bd6
41. b3 Kc6 1/2-1/2

[Event "I Festival Master"]
[Site "Lignano Sabbiadoro ITA"]
[Date "2015.08.08"]
[Round "9"]
[White "Caputi, Nicola"]
[Black "Simonetto, Adriano"]
[WhiteElo "1983"]
[BlackElo "2065"]
[Result "0-1"]
[PlyCount "56"]
[EventDate "2015.08.01"]

1. c4 e6 2. g3 d5 3. Bg2 Nf6 4. Nf3 dxc4 5. Qa4+ Nbd7 6. Qxc4 a6 7. O-O b5 8.
Qc2 Bb7 9. b3 Bd6 10. Bb2 c5 11. d3 O-O 12. Nbd2 Qb6 13. e4 Be7 14. a4 Rac8 15.
h3 Rfd8 16. axb5 axb5 17. Kh2 Nb8 18. Ne5 Nfd7 19. Ndf3 Nxe5 20. Nxe5 f6 21.
Nf3 Nc6 22. Rfd1 e5 23. Bc3 Ra8 24. Ne1 Nd4 25. Qb2 Qe6 26. Rxa8 Rxa8 27. Bxd4
cxd4 28. Rc1 Ba3 0-1

[Event "I Festival Master"]
[Site "Lignano Sabbiadoro ITA"]
[Date "2015.08.08"]
[Round "9"]
[White "Lazic, Miroljub"]
[Black "Luciani, Valerio"]
[WhiteElo "2466"]
[BlackElo "2249"]
[Result "1-0"]
[PlyCount "87"]
[EventDate "2015.08.01"]

1. Nf3 Nf6 2. g3 b6 3. Bg2 Bb7 4. O-O e6 5. d3 d5 6. Nbd2 Nbd7 7. Re1 Be7 8. e4
dxe4 9. dxe4 e5 10. b3 Bc5 11. h3 Qe7 12. a3 a5 13. Bb2 O-O 14. c3 b5 15. Bf1
Bc6 16. Qc2 Rfb8 17. Nd4 Ra6 18. Nxc6 Rxc6 19. a4 bxa4 20. Rxa4 Bb6 21. Nc4 Nc5
22. Ra3 Ne8 23. Ne3 Qg5 24. Kg2 Rg6 25. Bc1 Qd8 26. Nc4 Qe7 27. Be3 Nb7 28. Ra2
Rc6 29. Bc1 Ned6 30. Ne3 Qe6 31. f3 Bxe3 32. Bxe3 Nc5 33. Rxa5 Qxb3 34. Qxb3
Nxb3 35. Rxe5 Rxc3 36. Rd5 f6 37. Bf4 Rc5 38. Rdd1 Rb6 39. Rb1 Nc4 40. Red1 Na3
41. Rb2 Na5 42. Rbd2 Rbc6 43. Rd8+ Kf7 44. R1d7+ 1-0

[Event "I Festival Master"]
[Site "Lignano Sabbiadoro ITA"]
[Date "2015.08.08"]
[Round "9"]
[White "Muller, Etienne"]
[Black "Balzan, Alessandro"]
[WhiteElo "2167"]
[BlackElo "2079"]
[Result "1-0"]
[PlyCount "45"]
[EventDate "2015.08.01"]

1. Nf3 d5 2. c4 e6 3. e3 Nf6 4. b3 Be7 5. Bb2 O-O 6. Nc3 b6 7. Bd3 Bb7 8. Qc2
dxc4 9. bxc4 Nbd7 10. Be2 c5 11. Rg1 Bd6 12. g4 e5 13. g5 Ne8 14. Ne4 Bc7 15.
h4 Nd6 16. Nf6+ Nxf6 17. gxf6 g6 18. Nxe5 Ne8 19. Nxg6 fxg6 20. Rxg6+ Kf7 21.
Rh6 Rh8 22. Bh5+ Kf8 23. Rxh7 1-0

[Event "I Festival Master"]
[Site "Lignano Sabbiadoro ITA"]
[Date "2015.08.08"]
[Round "9"]
[White "Nester, Ihor"]
[Black "Drasko, Milan"]
[WhiteElo "2254"]
[BlackElo "2439"]
[Result "1/2-1/2"]
[PlyCount "32"]
[EventDate "2015.08.01"]

1. Nf3 Nf6 2. c4 e6 3. g3 a6 4. Bg2 b5 5. b3 c5 6. O-O Bb7 7. Nc3 Qb6 8. e3 Be7
9. Qe2 Ne4 10. Nxe4 Bxe4 11. d3 Bb7 12. Bb2 O-O 13. Rac1 d6 14. d4 Nd7 15. Rfd1
Rad8 16. dxc5 dxc5 1/2-1/2

[Event "I Festival Master"]
[Site "Lignano Sabbiadoro ITA"]
[Date "2015.08.08"]
[Round "9"]
[White "Pegoraro, Nicola"]
[Black "Simonetto, Andrea"]
[WhiteElo "1918"]
[BlackElo "2009"]
[Result "1/2-1/2"]
[PlyCount "42"]
[EventDate "2015.08.01"]

1. e4 c6 2. d4 d5 3. e5 c5 4. c3 Nc6 5. Nf3 Bg4 6. Be3 Nh6 7. Be2 Nf5 8. O-O
Qb6 9. Qd2 Bxf3 10. Bxf3 cxd4 11. Bxd4 Nfxd4 12. cxd4 Nxd4 13. Bxd5 Rd8 14. Nc3
e6 15. Rad1 Bc5 16. Kh1 O-O 17. Be4 Nc6 18. Qc2 Rxd1 19. Rxd1 Bxf2 20. Rf1 Be3
21. Bxh7+ Kh8 1/2-1/2

[Event "I Festival Master"]
[Site "Lignano Sabbiadoro ITA"]
[Date "2015.08.08"]
[Round "9"]
[White "Poliakov, Artem"]
[Black "Zamar Kodelja, Jurij"]
[WhiteElo "2054"]
[BlackElo "1973"]
[Result "1/2-1/2"]
[PlyCount "47"]
[EventDate "2015.08.01"]

1. d4 Nf6 2. c4 c5 3. d5 b5 4. Qc2 bxc4 5. e4 d6 6. Nd2 Nbd7 7. Nxc4 g6 8. Bd2
Ba6 9. Nxd6+ exd6 10. Bxa6 Qe7 11. f3 Bg7 12. Ne2 Rb8 13. Rb1 O-O 14. O-O Rb6
15. Bc4 Ne5 16. b3 Nfd7 17. Rfe1 Qh4 18. Be3 Rbb8 19. Qd2 h6 20. Bf2 Qf6 21.
Be3 Qh4 22. Bf2 Qf6 23. Be3 Qh4 24. Bf2 1/2-1/2

[Event "I Festival Master"]
[Site "Lignano Sabbiadoro ITA"]
[Date "2015.08.08"]
[Round "9"]
[White "Solomon, Kenny"]
[Black "Kazakov, Mikhail"]
[WhiteElo "2380"]
[BlackElo "2491"]
[Result "1/2-1/2"]
[PlyCount "40"]
[EventDate "2015.08.01"]

1. Nf3 c5 2. c4 Nc6 3. Nc3 Nf6 4. g3 d5 5. cxd5 Nxd5 6. Bg2 Nc7 7. O-O e5 8. d3
Be7 9. Nd2 Bd7 10. Nc4 O-O 11. a4 Ne6 12. Bxc6 Bxc6 13. Nxe5 Be8 14. f4 Nd4 15.
e4 f6 16. Nc4 Bf7 17. Be3 Qd7 18. Ne2 Nc6 19. f5 Rad8 20. Nf4 g5 1/2-1/2

[Event "I Festival Master"]
[Site "Lignano Sabbiadoro ITA"]
[Date "2015.08.08"]
[Round "9"]
[White "Vita, Fabrizio"]
[Black "Cardarelli, Angelo"]
[WhiteElo "2058"]
[BlackElo "1977"]
[Result "1-0"]
[PlyCount "75"]
[EventDate "2015.08.01"]

1. c4 c5 2. Nc3 Nc6 3. Nf3 g6 4. e3 Nf6 5. d4 cxd4 6. exd4 d5 7. Bg5 Be6 8.
Bxf6 exf6 9. Be2 Bb4 10. c5 O-O 11. O-O Bxc3 12. bxc3 Na5 13. Rb1 b6 14. Qa4
Qc7 15. Rb2 Rfc8 16. Rfb1 Rab8 17. Ba6 Re8 18. cxb6 axb6 19. Rxb6 Rxb6 20.
Qxe8+ Kg7 21. Rxb6 Qxb6 22. Qb5 Qc7 23. Qc5 Qxc5 24. dxc5 Kf8 25. Nd4 Ke7 26.
Kf1 Kd7 27. Ke2 Kc7 28. Kd3 Bd7 29. Nb5+ Kc6 30. Kd4 h5 31. h4 f5 32. Nd6 Be6
33. Bb5+ Kc7 34. Ne8+ Kb7 35. Nf6 Nc6+ 36. Bxc6+ Kxc6 37. f4 Kc7 38. Nxd5+ 1-0

[Event "I Festival Master"]
[Site "Lignano Sabbiadoro ITA"]
[Date "2015.08.08"]
[Round "9"]
[White "Vuelban, Virgilio"]
[Black "Solinas, Carlo"]
[WhiteElo "2349"]
[BlackElo "1987"]
[Result "1/2-1/2"]
[PlyCount "108"]
[EventDate "2015.08.01"]

1. d4 Nf6 2. c4 g6 3. Nc3 Bg7 4. e4 d6 5. Be2 O-O 6. Nf3 e5 7. O-O Nc6 8. d5
Ne7 9. b4 Nh5 10. Re1 f5 11. Ng5 Nf4 12. Bf1 h6 13. Nf3 fxe4 14. Nd2 Nd3 15.
Bxd3 exd3 16. Nde4 Nf5 17. Qxd3 Qh4 18. c5 Nd4 19. Be3 Bf5 20. f3 Rad8 21. Qd2
Kh7 22. Qd1 g5 23. cxd6 cxd6 24. Ng3 Bg6 25. Nce4 Rf7 26. Rc1 Rfd7 27. Rc4 Rf8
28. a4 Rff7 29. b5 Bxe4 30. fxe4 Rf4 31. Bxf4 gxf4 32. Nf5 Qg5 33. Nxd4 exd4
34. Qc2 Be5 35. Rc7 Qg7 36. Rxd7 Qxd7 37. Rc1 Qg4 38. Qd3 Qh4 39. h3 Qg5 40.
Kf1 Kg6 41. Rc8 Kh7 42. Qf3 h5 43. Rc7+ Kh6 44. a5 Qd8 45. b6 axb6 46. axb6 Qa8
47. Qd3 Qa1+ 48. Ke2 Qb2+ 49. Qc2 d3+ 50. Kxd3 Qd4+ 51. Ke2 Qe3+ 52. Kf1 Bd4
53. e5 Qg1+ 54. Ke2 Qe3+ 1/2-1/2

[Event "III Open"]
[Site "Locri ITA"]
[Date "2015.07.13"]
[Round "1"]
[White "Cartella, Giovanni"]
[Black "Drasko, Milan"]
[WhiteElo "1817"]
[BlackElo "2437"]
[Result "0-1"]
[PlyCount "80"]
[EventDate "2015.07.13"]

1. d4 e6 2. Nf3 Nf6 3. Bg5 c5 4. e3 Be7 5. c3 b6 6. Bd3 Bb7 7. Nbd2 Nc6 8. Qc2
cxd4 9. exd4 Rc8 10. Qa4 a6 11. O-O Nd5 12. Bxe7 Qxe7 13. Rfe1 b5 14. Qd1 O-O
15. a4 Nf4 16. Bf1 b4 17. c4 Na5 18. b3 d6 19. d5 e5 20. g3 Ng6 21. Nd4 Qc7 22.
Nc2 Qb6 23. Rb1 f5 24. Bh3 Rf6 25. Nf3 Rb8 26. Ng5 Bc8 27. Qh5 Nf8 28. Qd1 Nb7
29. Qd2 Nc5 30. Bg2 h6 31. Nh3 Ng6 32. Kh1 f4 33. Ng1 Bf5 34. f3 fxg3 35. hxg3
a5 36. Bf1 Rbf8 37. g4 Bxc2 38. Qxc2 Nf4 39. Rbd1 Qd8 40. Re3 h5 0-1

[Event "III Open"]
[Site "Locri ITA"]
[Date "2015.07.13"]
[Round "1"]
[White "Cordi', Domenico"]
[Black "Familari, Simone"]
[WhiteElo "2037"]
[BlackElo "1485"]
[Result "1-0"]
[PlyCount "65"]
[EventDate "2015.07.13"]

1. c4 e5 2. g3 Nf6 3. Bg2 Bc5 4. Nc3 Nc6 5. e3 O-O 6. Nge2 d6 7. d4 Bb4 8. O-O
Bd7 9. Nd5 Nxd5 10. cxd5 Ne7 11. a3 Ba5 12. b4 Bb6 13. Bb2 Ng6 14. Rc1 Qf6 15.
dxe5 dxe5 16. Nc3 a6 17. Ne4 Qe7 18. Nc5 Bxc5 19. Rxc5 Rac8 20. Qc2 Be8 21. Rc1
c6 22. dxc6 bxc6 23. Bxc6 Bxc6 24. Rxc6 Rxc6 25. Qxc6 Re8 26. Qxa6 Qg5 27. Rc8
Rxc8 28. Qxc8+ Nf8 29. b5 g6 30. b6 Qe7 31. b7 Qd6 32. b8=Q Qd1+ 33. Kg2 1-0

[Event "III Open"]
[Site "Locri ITA"]
[Date "2015.07.13"]
[Round "1"]
[White "Familari, Giuseppe"]
[Black "Romeo, Giovanni M."]
[WhiteElo "1973"]
[BlackElo "1479"]
[Result "1-0"]
[PlyCount "83"]
[EventDate "2015.07.13"]

1. e4 e5 2. Nf3 Nc6 3. Bc4 Nf6 4. d3 Be7 5. c3 d6 6. Nbd2 Na5 7. O-O Nxc4 8.
Nxc4 Bg4 9. Ne3 O-O 10. a4 Re8 11. h3 Bd7 12. Qc2 Bf8 13. Re1 g6 14. Nf1 Nh5
15. Bg5 Qc8 16. a5 a6 17. Rad1 Bg7 18. Qd2 f5 19. Ng3 Nxg3 20. fxg3 c6 21. Nh4
Rf8 22. Be7 Rf7 23. Bxd6 f4 24. gxf4 Rxf4 25. Nf3 Bxh3 26. Bxe5 Rg4 27. Re2 Qe6
28. Bxg7 Kxg7 29. Ng5 Qe5 30. Nxh3 Qg3 31. Qe3 Qe5 32. Qd4 Qxd4+ 33. cxd4 Rd8
34. e5 Rgxd4 35. e6 Re8 36. Rf1 Rxd3 37. Rf7+ Kg8 38. Rxb7 c5 39. Ng5 h6 40.
Nh7 c4 41. Nf6+ Kf8 42. Rf7# 1-0

[Event "III Open"]
[Site "Locri ITA"]
[Date "2015.07.13"]
[Round "1"]
[White "Laketic, Gojko"]
[Black "Mollace, Ruggero"]
[WhiteElo "2422"]
[BlackElo "1763"]
[Result "1-0"]
[PlyCount "59"]
[EventDate "2015.07.13"]

1. d4 d5 2. c4 c6 3. Nf3 Nf6 4. e3 Bg4 5. Nc3 e6 6. h3 Bh5 7. g4 Bg6 8. Ne5
Nbd7 9. h4 h6 10. Nxg6 fxg6 11. Bd3 Kf7 12. h5 gxh5 13. gxh5 Bb4 14. Bg6+ Ke7
15. Qb3 Qa5 16. Bd2 dxc4 17. Qxc4 Nb6 18. Qb3 Bxc3 19. Bxc3 Qa4 20. e4 Qxb3 21.
axb3 Nc8 22. Rg1 Kd7 23. f3 b6 24. Bf7 Ke7 25. Bg6 Kf8 26. Bb4+ Ne7 27. Rc1 Rc8
28. Bd6 Nd7 29. Rg4 Nf6 30. Rf4 1-0

[Event "III Open"]
[Site "Locri ITA"]
[Date "2015.07.13"]
[Round "1"]
[White "Lazic, Miroljub"]
[Black "Nobile, Stefano"]
[WhiteElo "2466"]
[BlackElo "1819"]
[Result "1-0"]
[PlyCount "59"]
[EventDate "2015.07.13"]

1. g3 Nf6 2. Bg2 g6 3. d4 d5 4. Nf3 Bg7 5. c4 c6 6. Nbd2 O-O 7. O-O Nbd7 8. b3
Re8 9. Bb2 a5 10. Qc2 Qc7 11. a3 Nf8 12. cxd5 Nxd5 13. e4 Nb6 14. Rac1 Bg4 15.
d5 Bxb2 16. Qxb2 c5 17. Ne5 Be2 18. Rfe1 Ba6 19. Ng4 f6 20. e5 h5 21. d6 Qd7
22. dxe7 hxg4 23. exf8=Q+ Rxf8 24. Ne4 f5 25. Nf6+ Rxf6 26. exf6 Qd4 27. Qxd4
cxd4 28. Rc7 Rc8 29. Rxc8+ Nxc8 30. Re8+ 1-0

[Event "III Open"]
[Site "Locri ITA"]
[Date "2015.07.13"]
[Round "1"]
[White "Maduranga, Thushara"]
[Black "Mrdja, Milan"]
[WhiteElo "1720"]
[BlackElo "2360"]
[Result "0-1"]
[PlyCount "92"]
[EventDate "2015.07.13"]

1. e4 Nf6 2. e5 Nd5 3. d4 d6 4. c4 Nb6 5. Nf3 Bg4 6. h3 Bxf3 7. Qxf3 Nc6 8. Be3
dxe5 9. dxe5 e6 10. a3 Nd7 11. Nc3 Ndxe5 12. Qe4 f5 13. Qc2 a6 14. Be2 Qf6 15.
f4 Qh4+ 16. Kd1 O-O-O+ 17. Kc1 Qg3 18. Kb1 Qxe3 19. fxe5 Nd4 20. Qd3 Qxe5 21.
Rd1 Be7 22. Ka2 Nxe2 23. Qxe2 Qxe2 24. Nxe2 Rxd1 25. Rxd1 Rd8 26. Re1 Rd2 27.
Kb1 Bf6 28. Nc3 Bxc3 29. bxc3 Kd7 30. g3 Rd3 31. g4 Rxc3 32. Rd1+ Kc6 33. Re1
Kd6 34. Rd1+ Ke7 35. gxf5 exf5 36. Rf1 Kf6 37. h4 Rxc4 38. h5 b5 39. Rd1 f4 40.
Kb2 f3 41. Kb3 f2 42. Rf1 Rf4 43. Kc3 c5 44. Kd3 Ke5 45. Kd2 a5 46. Ke3 a4 0-1

[Event "III Open"]
[Site "Locri ITA"]
[Date "2015.07.13"]
[Round "1"]
[White "Manti, Elisa"]
[Black "Iannello, Andrea"]
[WhiteElo "1481"]
[BlackElo "1985"]
[Result "0-1"]
[PlyCount "102"]
[EventDate "2015.07.13"]

1. e4 c5 2. Nc3 d6 3. Bc4 e6 4. d3 g6 5. f4 Bg7 6. Nf3 Ne7 7. h3 Nbc6 8. Bd2 a6
9. a4 Rb8 10. Rg1 Nd4 11. Be3 d5 12. Bxd4 cxd4 13. Ne2 dxc4 14. dxc4 Qa5+ 15.
Qd2 Qxd2+ 16. Kxd2 Nc6 17. e5 f6 18. Nexd4 Nxd4 19. Nxd4 fxe5 20. fxe5 Bxe5 21.
c3 O-O 22. Rgf1 Bd7 23. Ke2 Rxf1 24. Kxf1 Rf8+ 25. Ke2 Bg3 26. Rf1 Rxf1 27.
Kxf1 Bxa4 28. Nxe6 Bb3 29. Nd4 Bxc4+ 30. Ne2 Bxe2+ 31. Kxe2 Kf7 32. Kd3 Ke6 33.
Kc4 Kd6 34. b4 Bf2 35. Kd3 b6 36. g4 a5 37. bxa5 bxa5 38. Kc4 Kc6 39. Kb3 Kb5
40. c4+ Kc5 41. Ka4 Be1 42. Kb3 g5 43. Ka4 Kxc4 44. Ka3 Kb5 45. Kb3 a4+ 46. Ka3
Ka5 47. Ka2 Kb4 48. Kb2 a3+ 49. Ka2 Ka4 50. Ka1 Kb3 51. Kb1 a2+ 0-1

[Event "III Open"]
[Site "Locri ITA"]
[Date "2015.07.13"]
[Round "1"]
[White "Paragliola, Gennaro"]
[Black "Varvaglione, Antonio"]
[WhiteElo "1495"]
[BlackElo "2202"]
[Result "0-1"]
[PlyCount "22"]
[EventDate "2015.07.13"]

1. d4 Nf6 2. c4 c5 3. Nf3 cxd4 4. Nxd4 e5 5. Nf3 Nc6 6. Bg5 Bc5 7. Nc3 Qb6 8.
e3 Qxb2 9. Ne2 Bb4+ 10. Nd2 Ne4 11. Rb1 Bxd2+ 0-1

[Event "III Open"]
[Site "Locri ITA"]
[Date "2015.07.13"]
[Round "1"]
[White "Rocchetti, Marco"]
[Black "Rotstein, Arkadij"]
[WhiteElo "1852"]
[BlackElo "2502"]
[Result "0-1"]
[PlyCount "86"]
[EventDate "2015.07.13"]

1. d4 f5 2. Nf3 Nf6 3. Bg5 Ne4 4. e3 c5 5. c3 Qb6 6. Qb3 Nxg5 7. Nxg5 e6 8. Bd3
d5 9. Qxb6 axb6 10. Nd2 c4 11. Bc2 b5 12. O-O b4 13. Ndf3 Nc6 14. cxb4 Nxb4 15.
Bb1 h6 16. Nh3 g5 17. Ne5 Bd6 18. f4 Nc6 19. g3 Nxe5 20. fxe5 Be7 21. Nf2 h5
22. Bc2 Bd7 23. a4 Bb4 24. Rfd1 Ke7 25. Kg2 g4 26. Kf1 Ra6 27. h3 Rha8 28. hxg4
hxg4 29. Kg2 Bxa4 30. Bxa4 Rxa4 31. Rxa4 Rxa4 32. Rh1 Kd7 33. Rh7+ Be7 34. Rh1
Ra2 35. Rb1 b5 36. Kf1 b4 37. Nd1 Kc6 38. Ke1 Kb5 39. Rc1 Ka4 40. Rb1 Kb3 41.
Rc1 Bg5 42. Kf1 Rxb2 43. Nxb2 Kxb2 0-1

[Event "III Open"]
[Site "Locri ITA"]
[Date "2015.07.13"]
[Round "1"]
[White "Strangio, Giuseppe"]
[Black "Tricomi, Massimo"]
[WhiteElo "1468"]
[BlackElo "1930"]
[Result "0-1"]
[PlyCount "78"]
[EventDate "2015.07.13"]

1. e4 e6 2. d4 b6 3. Nc3 Bb7 4. Nf3 Bb4 5. Bd2 Bxc3 6. Bxc3 Bxe4 7. d5 Nf6 8.
dxe6 fxe6 9. Be2 O-O 10. Qd2 Nc6 11. O-O Nd5 12. Rad1 Qe7 13. Nd4 Nxc3 14. Qxc3
Nxd4 15. Rxd4 Bc6 16. a4 a5 17. Bb5 Bxb5 18. axb5 d6 19. Rc4 Rf7 20. Re1 Raf8
21. f4 Qd7 22. Rc6 Re8 23. Rd1 e5 24. g3 exf4 25. Rf1 fxg3 26. Qxg3 Rxf1+ 27.
Kxf1 Qf5+ 28. Kg2 Qe4+ 29. Qf3 Qxf3+ 30. Kxf3 Re7 31. Rc4 Kf7 32. Rf4+ Ke6 33.
c4 Rf7 34. Rxf7 Kxf7 35. h4 Ke6 36. Ke4 g6 37. b3 h6 38. Kf4 d5 39. Ke3 Ke5 0-1

[Event "III Open"]
[Site "Locri ITA"]
[Date "2015.07.13"]
[Round "1"]
[White "Strebkovs, Andrejs"]
[Black "Mercuri, Delia"]
[WhiteElo "2356"]
[BlackElo "1556"]
[Result "1-0"]
[PlyCount "45"]
[EventDate "2015.07.13"]

1. Nf3 Nc6 2. d4 d5 3. g3 Nf6 4. Bg2 h6 5. O-O Bf5 6. c4 e6 7. Nc3 Nb4 8. a3
Nc2 9. Ra2 c6 10. b3 dxc4 11. bxc4 Qa5 12. Bd2 Qa6 13. Rxc2 Bxc2 14. Qxc2 Qxc4
15. Ne5 Qxd4 16. Nxc6 Qc5 17. Be3 Qc4 18. Na5 Qc7 19. Bxb7 Rb8 20. Qa4+ Nd7 21.
Nb5 Qe5 22. Nc6 Nc5 23. Bxc5 1-0

[Event "III Open"]
[Site "Locri ITA"]
[Date "2015.07.14"]
[Round "2"]
[White "Drasko, Milan"]
[Black "Familari, Giuseppe"]
[WhiteElo "2437"]
[BlackElo "1973"]
[Result "1-0"]
[PlyCount "75"]
[EventDate "2015.07.13"]

1. Nf3 f5 2. g3 Nf6 3. Bg2 g6 4. O-O Bg7 5. d4 d6 6. b3 O-O 7. Bb2 c6 8. Nbd2
Qe8 9. a4 a5 10. Nc4 Qd8 11. Ne1 Nbd7 12. Nd3 Nb6 13. Nd2 Nbd5 14. c4 Nb4 15.
Nxb4 axb4 16. Qc2 Qa5 17. Rfe1 Bd7 18. Rac1 Rae8 19. e3 Bc8 20. c5 Be6 21. Red1
Nd7 22. Nc4 Bxc4 23. Qxc4+ Kh8 24. Qe2 d5 25. f4 Nf6 26. Rc2 Rb8 27. Bc1 b5 28.
axb5 Rxb5 29. Ra2 Qc7 30. Bd2 Rfb8 31. Ra4 Ne4 32. Bxe4 fxe4 33. Qg4 Bf6 34.
Rda1 Kg7 35. Qe6 h5 36. h4 R5b7 37. Ra6 Rc8 38. R1a4 1-0

[Event "III Open"]
[Site "Locri ITA"]
[Date "2015.07.14"]
[Round "2"]
[White "Familari, Simone"]
[Black "Cartella, Giovanni"]
[WhiteElo "1485"]
[BlackElo "1817"]
[Result "0-1"]
[PlyCount "72"]
[EventDate "2015.07.13"]

1. e4 c5 2. Nf3 d6 3. Nc3 Nc6 4. Bb5 Bd7 5. d4 Nxd4 6. Nxd4 cxd4 7. Qxd4 e6 8.
O-O Bxb5 9. Nxb5 a6 10. Nc3 Nf6 11. Bg5 Be7 12. e5 dxe5 13. Qxe5 O-O 14. Rfe1
Rc8 15. Rad1 Qc7 16. Qe3 Ng4 17. Qf4 Bxg5 18. Qxg4 Bf6 19. Re3 Rfd8 20. Red3
Rxd3 21. Rxd3 Rd8 22. Rxd8+ Qxd8 23. h3 Bxc3 24. bxc3 Qc7 25. Qh4 f6 26. Qd4
Kf7 27. g4 h6 28. f4 g5 29. Qe4 Qxf4 30. Qh7+ Ke8 31. Qxh6 Qc1+ 32. Kg2 Qxc2+
33. Kg3 Qxc3+ 34. Kf2 Qd4+ 35. Ke1 Qa1+ 36. Ke2 Qxa2+ 0-1

[Event "III Open"]
[Site "Locri ITA"]
[Date "2015.07.14"]
[Round "2"]
[White "Iannello, Andrea"]
[Black "Laketic, Gojko"]
[WhiteElo "1985"]
[BlackElo "2422"]
[Result "0-1"]
[PlyCount "82"]
[EventDate "2015.07.13"]

1. Nf3 d5 2. c4 d4 3. g3 Nc6 4. Bg2 e5 5. d3 Bb4+ 6. Nbd2 a5 7. O-O Nf6 8. a3
Be7 9. b3 O-O 10. Bb2 h6 11. Qc2 Bf5 12. c5 Nd7 13. Nc4 Re8 14. b4 axb4 15.
axb4 Nxb4 16. Qb3 Bxc5 17. Ba3 Qe7 18. Rab1 Nxd3 19. exd3 Bxa3 20. Nh4 Bh7 21.
Bxb7 Nc5 22. Qa2 Nxb7 23. Rxb7 Bxd3 24. Rd1 Bc5 25. Qb3 Be4 26. Rb5 c6 27. Rb7
Qf6 28. Rc1 Bd5 29. Qb1 d3 30. Ne3 Ra2 31. Rb2 Bxe3 32. fxe3 Rxb2 33. Qxb2 Qg5
34. Qd2 Be4 35. Rc4 Bd5 36. Rc1 e4 37. Rf1 Be6 38. Rf4 Ra8 39. Rf1 Ra2 40. Qc3
Qxe3+ 41. Kh1 Qe2 0-1